000 00695cam a22002413a 4500
001 14068
003 PGUSA
005 20140828083313.0
008 041117s2004||||xxu|||||s|||||000 1 eng d
040 _aPGUSA
_beng
042 _adc
050 4 _aPS
100 1 _aPage, Thomas Nelson,
_d1853-1922
245 1 0 _aGordon Keith
_h[electronic resource] /
_cThomas Nelson Page
260 _bProject Gutenberg,
_c2004
506 _aPublic domain in the USA.
516 _aElectronic text
653 _aYoung men -- Fiction
653 _aSouthern States -- History -- 1865-1877 -- Fiction
830 0 _aProject Gutenberg
_v14068
856 4 0 _uhttp://www.gutenberg.org/ebooks/14068
942 _cEB
999 _c243323
_d243323